Sound policies backed by good investments can transform societes.
Výňatky z úvodného prejavu prezidenta Svetovej banky L. Prestona, predneseného na plenárnom zasadnutí vo Washingtone 22.9.1992. Hlavné ciele na zastavenie recesie svetového hospodárstva a boja proti chudobe. Väzby hospodárskeho rastu a zlepšovania životného prostredia. Výsledky premien spoločnosti v...
Enregistré dans:
| Auteur principal: | |
|---|---|
| Format: | Chapitre de livre |
| Langue: | anglais |
| Sujets: | |
| Tags: |
Pas de tags, Soyez le premier à ajouter un tag!
|
MARC
| LEADER | 00000naa a2200000 4500 | ||
|---|---|---|---|
| 001 | r011105 | ||
| 005 | 20220913122412.9 | ||
| 041 | 0 | |a eng | |
| 044 | |a US | ||
| 245 | 1 | 0 | |a Sound policies backed by good investments can transform societes. |c L. Preston |
| 520 | |a Výňatky z úvodného prejavu prezidenta Svetovej banky L. Prestona, predneseného na plenárnom zasadnutí vo Washingtone 22.9.1992. Hlavné ciele na zastavenie recesie svetového hospodárstva a boja proti chudobe. Väzby hospodárskeho rastu a zlepšovania životného prostredia. Výsledky premien spoločnosti v jednotlivých krajinách východnej Európy a stávajúce úlohy s uplatnením zdrojov Svetovej banky. | ||
| 610 | 2 | 0 | |a IBRD |
| 610 | 2 | 0 | |a hospodárstvo svetové |
| 610 | 2 | 0 | |a 1992 |
| 610 | 2 | 0 | |a recesia |
| 610 | 2 | 0 | |a rast hospodársky |
| 610 | 2 | 0 | |a ekológia |
| 610 | 2 | 0 | |a pomoc finančná |
| 610 | 2 | 0 | |a krajiny rozvojové |
| 610 | 2 | 0 | |a východná Európa |
| 100 | 1 | |a Preston, L. | |